Statistics for Casts of Best Picture Oscar-winning movies of the 1940s

Click here to take the quiz!

General Stats

  • This quiz has been taken 185 times
  • The average score is 18 of 60

Answer Stats

RoleActor% Correct
Rick BlaineHumphrey Bogart
97%
Ilsa LundIngrid Bergman
93%
Maxim de WinterLaurence Olivier
91%
HamletLaurence Olivier
91%
Kay MiniverGreer Garson
71%
Don BirnamRay Milland
70%
Fr. Chuck O'MalleyBing Crosby
69%
The new Mrs. De WinterJoan Fontaine
69%
Willie StarkBroderick Crawford
60%
Sgt. 1st Class Al StephensonFredric March
60%
Philip Schuyler GreenGregory Peck
60%
Capt. Louis RenaultClaude Rains
53%
Fr. FitzgibbonBarry Fitzgerald
51%
Angharad MorganMaureen O'Hara
47%
Milly StephensonMyrna Loy
47%
Clem MiniverWalter Pidgeon
45%
Mr . GruffyddWalter Pidgeon
45%
Carol BeldonTeresa Wright
43%
Peggy StephensonTeresa Wright
43%
Victor LaszloPaul Henreid
42%
Anne DettreyCeleste Holm
37%
Petty Officer 2nd Class Homer ParrishHarold Russell
37%
Sadie BurkeMercedes McCambridge
37%
Helen St. JamesJane Wyman
36%
Mrs. DanversJudith Anderson
36%
Capt. Fred DerryDana Andrews
34%
Gwilym MorganDonald Crisp
33%
Kathy LaceyDorothy McGuire
32%
Jack FavellGeorge Sanders
32%
Philip's MotherAnne Revere
22%
Dave GoldmanJohn Garfield
22%
Maj. Heinrich StrasserConrad Veidt
17%
Jack BurdenJohn Ireland
16%
Mrs. Beth MorganSara Allgood
13%
Lady BeldonDame May Whitty
12%
Huw MorganRoddy McDowall
12%
Tom StarkJohn Derek
11%
Anne StantonJoanne Dru
9%
Frank CrawleyReginald Denny
8%
ClaudiusBasil Sydney
7%
GertrudeEileen Herlie
7%
PoloniusFelix Aylmer
7%
Fr. Timothy O'DowdFrank McHugh
6%
Ted Haines, Sr.Gene Lockhart
6%
GloriaDoris Dowling
5%
NatHoward Da Silva
5%
Ted Haines, Jr.James Brown
5%
HoratioNorman Wooland
5%
Wick BirnamPhillip Terry
5%
FoleyReginald Owen
5%
1949, 22nd Academy Awards: All the King's Menx
2%
1940, 13th Academy Awards: Rebeccax
2%
1948, 21st Academy Awards: Hamletx
2%
1947, 20th Academy Awards: Gentleman’s Agreementx
2%
1946, 19th Academy Awards: The Best Years of Our Livesx
2%
1944, 17th Academy Awards: Going My Wayx
2%
1943, 16th Academy Awards: Casablancax
2%
1942, 15th Academy Awards: Mrs. Miniverx
2%
1941, 14th Academy Awards: How Green Was My Valleyx
2%
1945, 28th Academy Awards: The Lost Weekendx
2%

Score Distribution

Percentile by Number Answered

Percent of People with Each Score

Your Score History

You have not taken this quiz